Movies Quiz

Random Movies or Animation Quiz

Movie Trailers by Animated Image Quiz Stats

 Plays Quiz Updated Jul 14, 2013

Challenge
Share
Tweet
Note: This uses a special image format which might not be supported on all systems. If the pictures don't change then it's not working as it should for you.
Score 0/16 Timer 04:00
1 Play Today
% Correct
Kill Bill: Vol. 1
90.4%
Men In Black
88.1%
The Truman Show
76.9%
Monsters University
74.9%
Independence Day
74.9%
Avatar
71.5%
Die Hard
68.9%
Fight Club
67.8%
% Correct
Inception
63.4%
The Hunger Games
63.2%
Schindler's List
57.2%
Donnie Darko
55%
Up
54.2%
Total Recall
44.5%
Looper
29.1%
Whip It
29%

You're not logged in!

Compare scores with friends on all Sporcle quizzes.
Join for Free
OR
Log In

You Might Also Like...

Show Comments

Extras

Top Quizzes Today


Score Distribution

Your Account Isn't Verified!

In order to create a playlist on Sporcle, you need to verify the email address you used during registration. Go to your Sporcle Settings to finish the process.

Report this User

Report this user for behavior that violates our Community Guidelines.

Details: